[Event "GER-ch 87th"]
[Site "Luebeck"]
[Date "2016.10.21"]
[Round "1"]
[White "Bente, Bjoern"]
[Black "Jugelt, Tobias"]
[Result "0-1"]
[WhiteElo "2239"]
[BlackElo "2418"]
[EventDate "2016.10.21"]
[PlyCount "72"]

1. e4 c5 2. Nf3 d6 3. d4 cxd4 4. Nxd4 Nf6 5. Nc3 a6 6. h3 g6 7. g4 Bg7 8. Bg2 Nfd7 9. Be3 Nc6 10. O-O h5 11. g5 O-O 12. f4 Nxd4 13. Bxd4 e5 14. Be3 exf4 15. Rxf4 Qxg5 16. Rf3 Qd8 17. Rf2 Ne5 18. Nd5 Be6 19. Nb6 Nc4 20. Nxc4 Bxc4 21. Bd4 Be5 22. Qd2 Qe7 23. Rd1 Kg7 24. Qb4 Qc7 25. Rfd2 Be6 26. Bb6 Qc6 27. Qa5 Rac8 28. c3 Rfe8 29. Bd4 b5 30. Qa3 Ra8 31. Bxe5+ dxe5 32. Rd6 Qc4 33. Rxa6 b4 34. Rxa8 bxa3 35. Rxe8 axb2 36. Rb8 Qxc3 0-1

[Event "GER-ch 87th"]
[Site "Luebeck"]
[Date "2016.10.21"]
[Round "1"]
[White "Gasthofer, Alexander"]
[Black "Schwarz, Frank"]
[Result "1-0"]
[WhiteElo "2437"]
[BlackElo "2251"]
[EventDate "2016.10.21"]
[PlyCount "79"]

1. Nf3 Nf6 2. g3 d5 3. Bg2 c6 4. O-O Bf5 5. d3 e6 6. c4 h6 7. cxd5 exd5 8. Nd4 Bh7 9. e4 dxe4 10. dxe4 Bc5 11. Be3 Bxd4 12. Bxd4 O-O 13. Nc3 Re8 14. Re1 Na6 15. f3 Nc7 16. Bf2 Qe7 17. Qa4 Ne6 18. Rad1 Nc5 19. Qa3 Nfd7 20. Bh3 b6 21. Na4 Ne6 22. Qxe7 Rxe7 23. Bg2 Bg6 24. Rd6 Rc8 25. Rc1 Nb8 26. f4 Nc7 27. f5 Bh5 28. Nc3 f6 29. h3 Bf7 30. Rcd1 Nb5 31. Rd8+ Re8 32. Rxe8+ Rxe8 33. Nxb5 cxb5 34. a3 Bc4 35. g4 Kf7 36. Bg3 Na6 37. Bf3 Nc5 38. g5 Kg8 39. g6 Nxe4 40. Bxe4 1-0

[Event "GER-ch 87th"]
[Site "Luebeck"]
[Date "2016.10.21"]
[Round "1"]
[White "Kabisch, Thilo"]
[Black "Schroeder, Christoph"]
[Result "1-0"]
[WhiteElo "2309"]
[BlackElo "2193"]
[EventDate "2016.10.21"]
[PlyCount "97"]

1. e4 c5 2. Nf3 d6 3. d4 cxd4 4. Nxd4 Nf6 5. Nc3 g6 6. Be3 Bg7 7. Bc4 Nc6 8. f3 O-O 9. h4 Qb6 10. Bb3 Nxe4 11. Nd5 Qa5+ 12. c3 Bxd4 13. Bxd4 Ng3 14. Rh2 Nf5 15. Bf2 e6 16. g4 exd5 17. gxf5 Re8+ 18. Kf1 Qb5+ 19. Kg1 Bxf5 20. h5 Qd3 21. hxg6 Qxd1+ 22. Rxd1 Bxg6 23. Rxd5 Re2 24. f4 Ne7 25. Rxd6 Rxb2 26. Rg2 Kf8 27. Rd7 b6 28. Rg5 h6 29. Re5 Nc6 30. Red5 Re8 31. f5 Bh5 32. f6 Bg6 33. R5d6 Ne5 34. Rxa7 Ng4 35. Bg3 Ne3 36. Rdd7 Rg2+ 37. Kh1 Rxg3 38. Rxf7+ Bxf7 39. Rxf7+ Kg8 40. Rg7+ Kh8 41. Rxg3 Nf5 42. Rg1 Rf8 43. f7 Ne7 44. Kh2 Kh7 45. Rg4 h5 46. Rg5 h4 47. Kh3 Rc8 48. Kxh4 Ng6+ 49. Kh5 1-0

[Event "GER-ch 87th"]
[Site "Luebeck"]
[Date "2016.10.21"]
[Round "1"]
[White "Kummerow, Heiko"]
[Black "Svane, Rasmus"]
[Result "0-1"]
[WhiteElo "2266"]
[BlackElo "2552"]
[EventDate "2016.10.21"]
[PlyCount "82"]

1. e4 c6 2. d4 d5 3. exd5 cxd5 4. Bd3 Nc6 5. c3 Qc7 6. Ne2 Bg4 7. f3 Bd7 8. Na3 a6 9. O-O Nf6 10. Re1 e6 11. Bf4 Bd6 12. Bxd6 Qxd6 13. Qd2 O-O 14. Nc2 Rfc8 15. Nc1 Qc7 16. Nb3 Ne7 17. Qe2 Ng6 18. g3 Re8 19. Qf2 Qb6 20. Nc5 Bc6 21. Rab1 a5 22. Re2 Qc7 23. Rbe1 Rad8 24. Rb1 Ne7 25. b4 b6 26. Na6 Qa7 27. bxa5 bxa5 28. Na3 Nd7 29. Reb2 Rc8 30. Kg2 Ba8 31. Qc2 e5 32. Qa4 e4 33. Bb5 exf3+ 34. Kf2 Nc6 35. Bd3 Nce5 36. Bb5 Nc6 37. Bd3 Nf6 38. Kxf3 Ne4 39. Rc2 Nxc3 40. Rxc3 Qxd4 41. Bxh7+ Kh8 0-1

[Event "GER-ch 87th"]
[Site "Luebeck"]
[Date "2016.10.21"]
[Round "1"]
[White "Langheinrich, Ferenc"]
[Black "Kololli, Martin"]
[Result "0-1"]
[WhiteElo "2371"]
[BlackElo "2202"]
[EventDate "2016.10.21"]
[PlyCount "78"]

1. c4 f5 2. Nf3 Nf6 3. g3 g6 4. Bg2 Bg7 5. O-O O-O 6. Nc3 d6 7. d3 e5 8. Rb1 a5 9. a3 c6 10. b4 Nh5 11. Qb3 axb4 12. axb4 Kh8 13. Bb2 Be6 14. Ra1 Rxa1 15. Rxa1 Nd7 16. Nd2 Nhf6 17. Ra7 Bh6 18. Nf3 b5 19. Qa3 bxc4 20. dxc4 Bxc4 21. h4 Qb6 22. Ng5 Rb8 23. Ra8 Kg7 24. Rxb8 Nxb8 25. Na4 Qa6 26. Qc3 Bxg5 27. hxg5 Nd5 28. Qc2 Nxb4 29. Qd2 Nd5 30. Nc5 Qb5 31. Ne6+ Kf7 32. Nc7 Nxc7 33. Qxd6 Ne8 34. Qa3 Be6 35. e4 Nd7 36. Qc3 c5 37. exf5 gxf5 38. Bf3 Nd6 39. Kh2 Ke7 0-1

[Event "GER-ch 87th"]
[Site "Luebeck"]
[Date "2016.10.21"]
[Round "1"]
[White "Liepold, Stefan"]
[Black "Fuchs, Florian"]
[Result "1/2-1/2"]
[WhiteElo "2188"]
[BlackElo "2290"]
[EventDate "2016.10.21"]
[PlyCount "110"]

1. e4 c5 2. Nf3 Nc6 3. d4 cxd4 4. Nxd4 Nf6 5. Nc3 d6 6. Bc4 e6 7. O-O Be7 8. a3 a6 9. Ba2 O-O 10. Kh1 Nxd4 11. Qxd4 b5 12. f4 Bb7 13. f5 e5 14. Qd3 Rc8 15. Bg5 Rxc3 16. Qxc3 Nxe4 17. Bxe7 Qxe7 18. Qd3 Qh4 19. Kg1 Qg5 20. Rf3 Qf6 21. Bd5 Nc5 22. Qd1 e4 23. Rf1 Qe5 24. Bxb7 Nxb7 25. Qg4 f6 26. Rae1 d5 27. c3 Nc5 28. Qg3 Qxg3 29. hxg3 Nd3 30. Re2 a5 31. Rd1 Kf7 32. Re3 Re8 33. Rdxd3 exd3 34. Rxd3 Re5 35. Rd4 Rxf5 36. a4 bxa4 37. Rxa4 d4 38. Rxd4 Ke6 39. b4 axb4 40. cxb4 h5 41. g4 hxg4 42. Rxg4 g5 43. Rd4 Ke5 44. Rd2 Ke6 45. Re2+ Kf7 46. Rb2 Rb5 47. Kf2 Ke6 48. Ke3 Kd5 49. Kd3 Kc6 50. g4 f5 51. gxf5 Rxf5 52. Ke4 Rf4+ 53. Ke5 Kb5 54. Rg2 Rxb4 55. Rxg5 Rc4 1/2-1/2

[Event "GER-ch 87th"]
[Site "Luebeck"]
[Date "2016.10.21"]
[Round "1"]
[White "Malek, Daniel"]
[Black "Rehberg, Raphael"]
[Result "1-0"]
[WhiteElo "2411"]
[BlackElo "2232"]
[EventDate "2016.10.21"]
[PlyCount "73"]

1. d4 Nf6 2. c4 c5 3. d5 e5 4. Nc3 d6 5. e4 Be7 6. g3 O-O 7. Bg2 Ne8 8. Nf3 Nd7 9. O-O a6 10. a4 b6 11. Ne1 Rb8 12. Nd3 Nc7 13. Qe2 Bg5 14. f4 Bf6 15. Kh1 Re8 16. Bd2 exf4 17. gxf4 b5 18. axb5 axb5 19. cxb5 Nxb5 20. Nxb5 Rxb5 21. Bc3 Qb6 22. e5 c4 23. Nf2 dxe5 24. Ra8 e4 25. Nxe4 Bxc3 26. bxc3 Ra5 27. Rxa5 Qxa5 28. Qd2 Qb6 29. Qa2 Qa6 30. Qxa6 Bxa6 31. Ra1 Ra8 32. d6 Rb8 33. Rxa6 Rb1+ 34. Bf1 Rxf1+ 35. Kg2 Rd1 36. Nc5 Nf8 37. d7 1-0

[Event "GER-ch 87th"]
[Site "Luebeck"]
[Date "2016.10.21"]
[Round "1"]
[White "Messarius, Juergen"]
[Black "Hirneise, Jens"]
[Result "0-1"]
[WhiteElo "2198"]
[BlackElo "2324"]
[EventDate "2016.10.21"]
[PlyCount "80"]

1. e4 c5 2. Nf3 Nc6 3. d4 cxd4 4. Nxd4 Nf6 5. Nc3 d6 6. Be3 e5 7. Nb3 Be7 8. f3 O-O 9. Qd2 a5 10. a4 Nb4 11. Nd5 Nfxd5 12. exd5 Bf5 13. Rc1 Bg6 14. c3 Na6 15. Be2 f5 16. O-O f4 17. Bf2 b6 18. Bxa6 Rxa6 19. Qe2 Ra8 20. Nd2 Bh4 21. Ne4 Bxf2+ 22. Rxf2 Rc8 23. Rff1 Rf7 24. b3 Bxe4 25. Qxe4 b5 26. h3 Qb6+ 27. Kh2 g6 28. h4 Rf5 29. axb5 Rh5 30. g3 Qxb5 31. Kh3 fxg3 32. Qg4 Rf5 33. Kxg3 Rcf8 34. h5 Rxh5 35. Qe6+ Kg7 36. Qxd6 Qe2 37. Qe7+ Rf7 38. Rf2 Qe3 39. Qe6 Qf4+ 40. Kg2 Rh2+ 0-1

[Event "GER-ch 87th"]
[Site "Luebeck"]
[Date "2016.10.21"]
[Round "1"]
[White "Metz, Hartmut"]
[Black "Goergens, Michael"]
[Result "1-0"]
[WhiteElo "2284"]
[BlackElo "2080"]
[EventDate "2016.10.21"]
[PlyCount "121"]

1. e4 d6 2. d4 g6 3. Nc3 Bg7 4. h3 c6 5. Nf3 Nd7 6. Be3 Nb6 7. a4 e6 8. a5 Nd7 9. Qd2 Ne7 10. Bh6 Kf8 11. Be2 d5 12. O-O Nf6 13. e5 Nfg8 14. Bxg7+ Kxg7 15. Bd3 Bd7 16. Nd1 h5 17. Ne3 Nh6 18. h4 Qc7 19. b4 b6 20. Rfc1 b5 21. Rf1 Rag8 22. Ng5 Rf8 23. g3 Bc8 24. Rae1 Re8 25. Ng2 Rhf8 26. Nf4 Nef5 27. c3 Qe7 28. Kg2 Rh8 29. Rh1 Reg8 30. Kf1 a6 31. Ke2 Kf8 32. Kd1 Rg7 33. Kc2 Bd7 34. Kb3 Rgg8 35. Bc2 Ke8 36. Ng2 Rg7 37. Qf4 Bc8 38. Re2 Bd7 39. Bd3 Bc8 40. Bb1 Bd7 41. f3 Qf8 42. g4 Ne7 43. gxh5 gxh5 44. Ne3 Qg8 45. Rg2 Nhf5 46. Nxf5 Nxf5 47. Bxf5 exf5 48. e6 fxe6 49. Re2 Ke7 50. Rhe1 Rg6 51. Qc7 Rhh6 52. Qa7 Rxg5 53. hxg5 Qxg5 54. Qxa6 h4 55. Qb6 Qg3 56. a6 h3 57. a7 Rh8 58. Qb7 Qg8 59. a8=Q Qxa8 60. Rxe6+ Kf7 61. Qxd7+ 1-0

[Event "GER-ch 87th"]
[Site "Luebeck"]
[Date "2016.10.21"]
[Round "1"]
[White "Mueer, Sebastian"]
[Black "Gress, Alexander"]
[Result "1-0"]
[WhiteElo "2289"]
[BlackElo "2177"]
[EventDate "2016.10.21"]
[PlyCount "79"]

1. c4 Nf6 2. g3 c5 3. Bg2 d5 4. cxd5 Nxd5 5. Nc3 Nc7 6. Nf3 Nc6 7. a3 e5 8. O-O Rb8 9. d3 Be7 10. Nd2 Be6 11. Bxc6+ bxc6 12. Qa4 Qd7 13. Nc4 f6 14. f4 O-O 15. fxe5 Bh3 16. Rf2 Ne6 17. Be3 Nd4 18. Re1 fxe5 19. Nxe5 Qd6 20. Nc4 Qe6 21. Ne4 Bg4 22. Qxa7 Rxf2 23. Bxf2 Rd8 24. Bxd4 cxd4 25. Qc7 Bh3 26. Qe5 Qf7 27. Nf2 Be6 28. Nd2 Bf6 29. Qf4 g5 30. Qf3 Rd5 31. Ng4 Bxg4 32. Qxg4 h5 33. Qc8+ Rd8 34. Qxc6 Qe7 35. Ne4 Bg7 36. Rf1 h4 37. Qg6 Rf8 38. Rxf8+ Qxf8 39. Nxg5 Qe7 40. Ne6 1-0

[Event "GER-ch 87th"]
[Site "Luebeck"]
[Date "2016.10.21"]
[Round "1"]
[White "Schellmann, Frank"]
[Black "Schulz, Karsten"]
[Result "0-1"]
[WhiteElo "2074"]
[BlackElo "2283"]
[EventDate "2016.10.21"]
[PlyCount "52"]

1. e4 d6 2. d4 Nf6 3. Nc3 g6 4. f4 Bg7 5. Nf3 O-O 6. Be3 Nbd7 7. Qd2 c5 8. dxc5 Nxc5 9. e5 Ng4 10. O-O-O Nxe3 11. Qxe3 Qa5 12. Kb1 Be6 13. Ng5 dxe5 14. Nxe6 Nxe6 15. Rd5 exf4 16. Qxe6 Qxc3 17. Qxf7+ Kxf7 18. bxc3 Rfd8 19. Rb5 Rac8 20. Bd3 b6 21. Rf1 e5 22. g3 g5 23. Bxh7 Rxc3 24. Bd3 Rd4 25. Re1 e4 26. Bxe4 Re3 0-1

[Event "GER-ch 87th"]
[Site "Luebeck"]
[Date "2016.10.21"]
[Round "1"]
[White "Schoen, Ralf"]
[Black "Moeller, Hendrik"]
[Result "1/2-1/2"]
[WhiteElo "2146"]
[BlackElo "2286"]
[EventDate "2016.10.21"]
[PlyCount "111"]

1. Nf3 d5 2. g3 Nf6 3. Bg2 c5 4. c4 Nc6 5. cxd5 Nxd5 6. Nc3 Nc7 7. O-O e5 8. d3 Be7 9. Bd2 O-O 10. a3 Be6 11. Rb1 f6 12. Qa4 Rb8 13. Rfc1 Qd7 14. Ne4 b6 15. b4 b5 16. Nxc5 bxa4 17. Nxd7 Bxd7 18. Ne1 Rb6 19. Be3 Rfb8 20. Bxb6 Rxb6 21. Rc4 Nb5 22. Bd5+ Kf8 23. Rbc1 Nd8 24. Nc2 Bd6 25. Kf1 Ne6 26. Ra1 Nec7 27. Bg2 Be6 28. Ne3 f5 29. Rcc1 e4 30. Nc4 Bxc4 31. dxc4 Be5 32. cxb5 Bxa1 33. Rxc7 Rd6 34. Bh3 g6 35. Rxa7 Rb6 36. Rxh7 Bg7 37. Bg2 Rxb5 38. f3 Rxb4 39. fxe4 Rb1+ 40. Kf2 Bd4+ 41. Kf3 fxe4+ 42. Kxe4 Bg7 43. Kf4 Kf7 44. Bc6 Rc1 45. Be8+ Kg8 46. Bxg6 Rc3 47. Rh5 Rxa3 48. Bd3 Ra1 49. Ra5 a3 50. Kg5 Bb2 51. Ra6 Rg1 52. Kg6 Kf8 53. Re6 Rc1 54. Bb5 Rc8 55. Ra6 Ke7 56. Bd3 1/2-1/2

[Event "GER-ch 87th"]
[Site "Luebeck"]
[Date "2016.10.21"]
[Round "1"]
[White "Tonndorf, Matthias"]
[Black "Kalinitschew, Sergey"]
[Result "0-1"]
[WhiteElo "2223"]
[BlackElo "2405"]
[EventDate "2016.10.21"]
[PlyCount "122"]

1. e4 g6 2. d4 Bg7 3. c4 d6 4. Nc3 Nf6 5. f3 O-O 6. Be3 c5 7. dxc5 dxc5 8. Qxd8 Rxd8 9. Bxc5 Nc6 10. Nge2 Nd7 11. Be3 Nde5 12. Nf4 Be6 13. Nxe6 fxe6 14. Be2 Nb4 15. Rb1 Nc2+ 16. Kf2 Nxe3 17. Kxe3 Nc6 18. Rhd1 Bd4+ 19. Kf4 a6 20. Kg3 Rd6 21. h4 Kf7 22. f4 e5 23. f5 Rg8 24. Kh3 g5 25. c5 Rh6 26. Bc4+ Kf8 27. Bxg8 Rxh4+ 28. Kg3 Kxg8 29. Rh1 Rf4 30. Rbf1 h5 31. Rxf4 exf4+ 32. Kf3 Ne5+ 33. Ke2 h4 34. Na4 Kf7 35. b4 e6 36. fxe6+ Kxe6 37. Nb6 Nc6 38. a3 Bf6 39. Nd5 Bd8 40. a4 Ke5 41. Kd3 g4 42. Rf1 Bg5 43. b5 axb5 44. axb5 Nd8 45. Nb6 f3 46. gxf3 g3 47. Rg1 Bf4 48. Nc4+ Ke6 49. Ke2 h3 50. Kf1 Nf7 51. c6 bxc6 52. bxc6 Ng5 53. Nb6 Nxf3 54. Nd5 Be5 55. c7 Kd7 56. Nf6+ Kxc7 57. Nh5 Nxg1 58. Nxg3 Nf3 59. Kf2 Ng5 60. Nf5 Nxe4+ 61. Kg1 h2+ 0-1

[Event "GER-ch 87th"]
[Site "Luebeck"]
[Date "2016.10.22"]
[Round "2"]
[White "Goergens, Michael"]
[Black "Tonndorf, Matthias"]
[Result "0-1"]
[WhiteElo "2080"]
[BlackElo "2223"]
[EventDate "2016.10.21"]
[PlyCount "122"]

1. e4 c5 2. Nc3 a6 3. a4 b6 4. g3 Bb7 5. Bg2 Nf6 6. d3 d6 7. f4 e5 8. Nf3 Nc6 9. O-O Be7 10. h3 Nd4 11. Ne2 Nxf3+ 12. Bxf3 O-O 13. c4 Bc6 14. b3 b5 15. axb5 axb5 16. Bb2 Qc7 17. Qd2 Nd7 18. f5 Rfb8 19. Nc3 Qb7 20. Rxa8 Rxa8 21. Rb1 h6 22. h4 Bd8 23. Qc1 Nb8 24. Ra1 Rxa1 25. Qxa1 Kf8 26. Kf2 Na6 27. Be2 bxc4 28. bxc4 Nb4 29. Nd5 Nc2 30. Qa2 Nd4 31. Bxd4 exd4 32. Bd1 g6 33. fxg6 fxg6 34. Bg4 g5 35. h5 Be8 36. Kg2 Kg7 37. Qe2 Bf7 38. Bf5 Bf6 39. Nxf6 Kxf6 40. Qf3 Kg7 41. g4 Qb2+ 42. Kf1 Qh2 43. Ke1 Be8 44. Qe2 Qg3+ 45. Kd2 Kf6 46. Qf1 Qe3+ 47. Kc2 Ba4+ 48. Kb1 Ke5 49. Bc8 Qf4 50. Qe2 Kf6 51. Kb2 Qe3 52. Qh2 Ke7 53. e5 Qxe5 54. Qg2 d5 55. Bf5 Bc6 56. Bg6 Kd6 57. Qf2 dxc4 58. Qf8+ Kc7 59. Qxh6 c3+ 60. Ka3 Qe2 61. Qg7+ Kb6 0-1

[Event "GER-ch 87th"]
[Site "Luebeck"]
[Date "2016.10.22"]
[Round "2"]
[White "Gress, Alexander"]
[Black "Bente, Bjoern"]
[Result "0-1"]
[WhiteElo "2177"]
[BlackElo "2239"]
[EventDate "2016.10.21"]
[PlyCount "41"]

1. e4 d6 2. d4 Nf6 3. Nc3 g6 4. Be3 c6 5. Qd2 Nbd7 6. Be2 b5 7. a3 a5 8. Nf3 Bb7 9. e5 b4 10. exf6 bxc3 11. bxc3 Nxf6 12. Rb1 Qc7 13. Bf4 Bg7 14. O-O O-O 15. Rfe1 Ne4 16. Qe3 c5 17. Ng5 cxd4 18. Rxb7 dxe3 19. Rxc7 exf2+ 20. Kf1 fxe1=Q+ 21. Kxe1 0-1

[Event "GER-ch 87th"]
[Site "Luebeck"]
[Date "2016.10.22"]
[Round "2"]
[White "Hirneise, Jens"]
[Black "Gasthofer, Alexander"]
[Result "0-1"]
[WhiteElo "2324"]
[BlackElo "2437"]
[EventDate "2016.10.21"]
[PlyCount "40"]

1. e4 Nf6 2. e5 Nd5 3. d4 d6 4. c4 Nb6 5. exd6 exd6 6. Nc3 Be7 7. Nf3 Nc6 8. d5 Ne5 9. Nd4 O-O 10. b3 c5 11. dxc6 d5 12. cxb7 Bxb7 13. c5 Bxc5 14. Bb5 a6 15. Be2 Qf6 16. Be3 Nc6 17. Nxc6 Qxc3+ 18. Kf1 Bxe3 19. Ne7+ Kh8 20. fxe3 Qf6+ 0-1

[Event "GER-ch 87th"]
[Site "Luebeck"]
[Date "2016.10.22"]
[Round "2"]
[White "Jugelt, Tobias"]
[Black "Mueer, Sebastian"]
[Result "1-0"]
[WhiteElo "2418"]
[BlackElo "2289"]
[EventDate "2016.10.21"]
[PlyCount "59"]

1. d4 Nf6 2. a3 g6 3. Nf3 Bg7 4. e3 O-O 5. c4 d6 6. Nc3 c5 7. Be2 cxd4 8. exd4 d5 9. c5 Nc6 10. b4 Ne4 11. Bb2 Bg4 12. Qd3 Bxf3 13. Bxf3 Nxc3 14. Bxc3 e6 15. O-O a6 16. a4 Qf6 17. Rfd1 Rfd8 18. b5 axb5 19. axb5 Rxa1 20. Bxa1 Na5 21. Qa3 Nc4 22. Qa7 b6 23. c6 Qf4 24. Be2 Qd6 25. Bxc4 dxc4 26. Qxb6 Rb8 27. Qc5 Qxc5 28. dxc5 Bxa1 29. c7 Rf8 30. Rxa1 1-0

[Event "GER-ch 87th"]
[Site "Luebeck"]
[Date "2016.10.22"]
[Round "2"]
[White "Kalinitschew, Sergey"]
[Black "Metz, Hartmut"]
[Result "1-0"]
[WhiteElo "2405"]
[BlackElo "2284"]
[EventDate "2016.10.21"]
[PlyCount "103"]

1. Nf3 d5 2. c4 c6 3. e3 Nf6 4. Nc3 Bg4 5. Qb3 Qb6 6. Ne5 Be6 7. d4 dxc4 8. Nxc4 Qxb3 9. axb3 Nbd7 10. e4 g6 11. f3 h5 12. Na5 O-O-O 13. d5 cxd5 14. Nb5 Bh6 15. Bxh6 Rxh6 16. Rc1+ Kb8 17. Rc7 Nc5 18. Rxc5 dxe4 19. Nc3 exf3 20. gxf3 Rd6 21. Nc4 Rd4 22. Be2 Rh8 23. Kf2 b6 24. Re5 Rhd8 25. Ra1 Nd7 26. Re3 Nc5 27. Nb5 Rh4 28. Kg3 g5 29. Ne5 Rd2 30. Rxa7 Bd5 31. Rxe7 Rxb2 32. Nd7+ Nxd7 33. Rxd7 Be6 34. Re7 Rb4 35. Na7 h4+ 36. Kf2 Rc2 37. Re5 g4 38. Rg5 g3+ 39. hxg3 hxg3+ 40. Rxg3 Rc7 41. Bd3 Rxe7 42. Nc6+ Kc7 43. Nxb4 Bxb3 44. Rg1 Kd6 45. Rb1 Be6 46. Na6 Rb7 47. Be4 Ra7 48. Rxb6+ Ke5 49. Nc5 Bc4 50. Ke3 Ra3+ 51. Nd3+ Bxd3 52. f4# 1-0

[Event "GER-ch 87th"]
[Site "Luebeck"]
[Date "2016.10.22"]
[Round "2"]
[White "Kololli, Martin"]
[Black "Liepold, Stefan"]
[Result "1-0"]
[WhiteElo "2202"]
[BlackElo "2188"]
[EventDate "2016.10.21"]
[PlyCount "79"]

1. f4 d5 2. Nf3 Nf6 3. g3 Nc6 4. Bg2 Qd6 5. Nc3 a6 6. O-O d4 7. Nb1 Bf5 8. d3 g6 9. c3 Bg7 10. Kh1 Nd7 11. cxd4 Nxd4 12. Nxd4 Bxd4 13. e3 Ba7 14. e4 Be6 15. Nc3 f6 16. Qe2 O-O-O 17. Be3 Bxe3 18. Qxe3 Nb6 19. Rfd1 Qd4 20. Qf3 Kb8 21. Rac1 c6 22. Ne2 Qd7 23. Qe3 Nc8 24. Kg1 Bh3 25. Bh1 Bg4 26. d4 Qc7 27. Bf3 Bxf3 28. Qxf3 Qb6 29. Rd3 h5 30. Rb3 Qc7 31. d5 Na7 32. Nd4 Nb5 33. Ne6 Qb6+ 34. Kg2 Rc8 35. Nc5 Rhd8 36. Qf2 Ka7 37. a4 cxd5 38. axb5 dxe4 39. bxa6 Qc6 40. Nxe4+ 1-0

[Event "GER-ch 87th"]
[Site "Luebeck"]
[Date "2016.10.22"]
[Round "2"]
[White "Moeller, Hendrik"]
[Black "Langheinrich, Ferenc"]
[Result "1-0"]
[WhiteElo "2286"]
[BlackElo "2371"]
[EventDate "2016.10.21"]
[PlyCount "81"]

1. c4 Nf6 2. g3 c6 3. Nf3 d5 4. Bg2 g6 5. b3 Bg7 6. Bb2 O-O 7. O-O Bg4 8. d3 Nbd7 9. Nbd2 a5 10. a3 Qb6 11. Qc2 Bxf3 12. Nxf3 e6 13. Bd4 c5 14. Bc3 d4 15. Bd2 h6 16. Rab1 e5 17. b4 axb4 18. axb4 Qc7 19. bxc5 Nxc5 20. Rb5 Rfe8 21. Bb4 Nfd7 22. Nd2 Bf8 23. Rb1 Rab8 24. Ne4 Nxe4 25. Bxe4 Bxb4 26. R1xb4 b6 27. Qb2 Re6 28. Qa1 Nc5 29. Bd5 Re7 30. Rb1 Kg7 31. Qa3 f5 32. Qb4 Na6 33. Qa3 Nc5 34. Qb4 Na6 35. Qb2 Nc5 36. Rxb6 Na4 37. Rxg6+ Kxg6 38. Qxb8 Qxb8 39. Rxb8 Nc3 40. Rb6+ Kg7 41. Bf3 1-0

[Event "GER-ch 87th"]
[Site "Luebeck"]
[Date "2016.10.22"]
[Round "2"]
[White "Rehberg, Raphael"]
[Black "Schellmann, Frank"]
[Result "1/2-1/2"]
[WhiteElo "2232"]
[BlackElo "2074"]
[EventDate "2016.10.21"]
[PlyCount "125"]

1. e4 e5 2. Nf3 Nc6 3. Bc4 Nf6 4. d3 Bc5 5. c3 O-O 6. Bg5 h6 7. Bh4 Be7 8. Nbd2 d6 9. Qe2 a6 10. Bb3 b5 11. Nf1 a5 12. a4 b4 13. Ne3 Rb8 14. Bc4 Ng4 15. Bg3 Nxe3 16. fxe3 bxc3 17. bxc3 Be6 18. d4 Bg4 19. O-O Bf6 20. h3 Bh5 21. Rad1 Qe7 22. Rb1 Rxb1 23. Rxb1 Rb8 24. Rb5 Rxb5 25. axb5 Nb8 26. Bd3 c5 27. bxc6 Nxc6 28. Qf2 Qb7 29. Qa2 Qb6 30. Bc4 Nd8 31. Nd2 Bg6 32. Bd5 Qc7 33. Nc4 Nc6 34. Qa4 Ne7 35. Qxa5 Nxd5 36. Qa8+ Bd8 37. exd5 Qxc4 38. Qxd8+ Kh7 39. Qxd6 exd4 40. cxd4 Be4 41. Qf4 Qxd5 42. Qf2 Qc4 43. Bd6 Qd5 44. Be5 f6 45. Bf4 Qc4 46. Bd6 Qd5 47. Bf8 Qf7 48. Bc5 Qg6 49. Kh2 h5 50. Bd6 Qg5 51. h4 Qg4 52. Bf4 Kg6 53. Bg3 Qf5 54. Qe2 Bd5 55. Kg1 Qb1+ 56. Be1 Qe4 57. Qf2 Qf5 58. Qe2 Qg4 59. Kf1 Qxe2+ 60. Kxe2 Bxg2 61. Kd3 Kf5 62. Kc4 Ke6 63. Kd3 1/2-1/2

[Event "GER-ch 87th"]
[Site "Luebeck"]
[Date "2016.10.22"]
[Round "2"]
[White "Schroeder, Christoph"]
[Black "Kummerow, Heiko"]
[Result "1/2-1/2"]
[WhiteElo "2193"]
[BlackElo "2266"]
[EventDate "2016.10.21"]
[PlyCount "63"]

1. d4 Nf6 2. Nf3 g6 3. c4 Bg7 4. Nc3 d6 5. Bg5 h6 6. Bh4 c5 7. dxc5 Qa5 8. Bxf6 Bxf6 9. cxd6 Bxc3+ 10. bxc3 Qxc3+ 11. Nd2 exd6 12. g3 O-O 13. Bg2 Nc6 14. O-O Bf5 15. Rc1 Qb2 16. Ne4 Bxe4 17. Bxe4 Qxa2 18. Bxc6 bxc6 19. Qxd6 Qxe2 20. Rfe1 Qb2 21. Qxc6 Rfc8 22. Qb5 Qxb5 23. cxb5 Rxc1 24. Rxc1 Rb8 25. Rc7 Rxb5 26. Rxa7 h5 27. h4 Kg7 28. Kg2 Rc5 29. Rd7 Rb5 30. Ra7 Rc5 31. Rd7 Rb5 32. Ra7 1/2-1/2

[Event "GER-ch 87th"]
[Site "Luebeck"]
[Date "2016.10.22"]
[Round "2"]
[White "Schulz, Karsten"]
[Black "Malek, Daniel"]
[Result "1-0"]
[WhiteElo "2283"]
[BlackElo "2411"]
[EventDate "2016.10.21"]
[PlyCount "99"]

1. d4 Nf6 2. Bf4 d5 3. e3 e6 4. Nd2 c5 5. c3 Nc6 6. Ngf3 Bd6 7. Bg3 O-O 8. Bd3 b6 9. O-O Bb7 10. Qe2 Bxg3 11. hxg3 Qc7 12. dxc5 bxc5 13. e4 Rfd8 14. Rfe1 a5 15. Rad1 Nd7 16. a3 Nce5 17. exd5 Nxd3 18. Qxd3 Nf6 19. c4 exd5 20. cxd5 Bxd5 21. Qc3 a4 22. Rc1 Rac8 23. Re5 h6 24. Rce1 Qc6 25. Rc1 Qa6 26. Rce1 Qc6 27. Rc1 Qb6 28. Re2 Be6 29. Rce1 Rb8 30. Nf1 c4 31. Ne3 Rd3 32. Qc2 Qb5 33. Rc1 c3 34. bxc3 Bb3 35. c4 Qd7 36. Qb2 Qc7 37. Qe5 Rc8 38. Qxc7 Rxc7 39. Ne5 Rd8 40. c5 Kf8 41. c6 Nd5 42. Nf5 f6 43. Nd7+ Kf7 44. Nd6+ Kg6 45. Re8 Rcc8 46. Nf8+ Kh5 47. Ne6 Rxd6 48. Nxg7+ Kg6 49. Rxc8 Kxg7 50. c7 1-0

[Event "GER-ch 87th"]
[Site "Luebeck"]
[Date "2016.10.22"]
[Round "2"]
[White "Schwarz, Frank"]
[Black "Messarius, Juergen"]
[Result "1-0"]
[WhiteElo "2251"]
[BlackElo "2198"]
[EventDate "2016.10.21"]
[PlyCount "79"]

1. c4 f5 2. g3 g6 3. Bg2 Nf6 4. Nc3 Bg7 5. d3 O-O 6. e3 c6 7. Nge2 d6 8. Rb1 a5 9. a3 e5 10. O-O Qe7 11. Qc2 Be6 12. b4 axb4 13. axb4 Rc8 14. Bd2 d5 15. c5 Nbd7 16. Na4 Nh5 17. b5 g5 18. f4 Rf8 19. bxc6 bxc6 20. Rb7 Qf6 21. Nb6 Nxb6 22. cxb6 c5 23. Qxc5 Ra2 24. fxe5 Qg6 25. Rd1 f4 26. Bxd5 Rxd2 27. Rxd2 fxe3 28. Rd1 Kh8 29. Be4 Bf5 30. Rf1 Nf4 31. Rxf4 gxf4 32. Nxf4 Qg4 33. Qxe3 Qd1+ 34. Kg2 Qc2+ 35. Qe2 Bxe4+ 36. dxe4 Qc6 37. Re7 Qxb6 38. Ne6 Qb4 39. Rxg7 Re8 40. Rxh7+ 1-0

[Event "GER-ch 87th"]
[Site "Luebeck"]
[Date "2016.10.22"]
[Round "2"]
[White "Svane, Rasmus"]
[Black "Kabisch, Thilo"]
[Result "1-0"]
[WhiteElo "2552"]
[BlackElo "2309"]
[EventDate "2016.10.21"]
[PlyCount "75"]

1. d4 Nf6 2. c4 g6 3. Nc3 Bg7 4. e4 d6 5. Be2 O-O 6. Be3 e5 7. d5 a5 8. g4 Na6 9. g5 Ne8 10. h4 f5 11. gxf6 Bxf6 12. Qd2 c6 13. h5 g5 14. h6 Kh8 15. O-O-O Bd7 16. Nf3 Rg8 17. Rhg1 g4 18. Nh2 Qc8 19. Kb1 cxd5 20. Nxd5 Bd8 21. f4 Nc5 22. fxe5 Nxe4 23. Qd4 dxe5 24. Qxe5+ Bf6 25. Nxf6 N4xf6 26. Rgf1 Ra6 27. Bd4 Rg6 28. Bd3 Re6 29. Qf4 Rc6 30. Rde1 g3 31. Bxg6 hxg6 32. Qxg3 Bf5+ 33. Ka1 Qd7 34. Rxf5 Qxd4 35. Rfe5 Rc8 36. Qxg6 Qd6 37. Rxe8+ Nxe8 38. Rxe8+ 1-0

[Event "GER-ch 87th"]
[Site "Luebeck"]
[Date "2016.10.23"]
[Round "3"]
[White "Bente, Bjoern"]
[Black "Hirneise, Jens"]
[Result "1-0"]
[WhiteElo "2239"]
[BlackElo "2324"]
[EventDate "2016.10.21"]
[PlyCount "93"]

1. e4 c5 2. Nf3 Nc6 3. d4 cxd4 4. Nxd4 Nf6 5. Nc3 d6 6. Bc4 e6 7. Be3 Be7 8. Bb3 O-O 9. f4 d5 10. e5 Nd7 11. Qd2 Bb4 12. a3 Qa5 13. O-O-O Bxc3 14. Qxc3 Qxc3 15. bxc3 Na5 16. Nb5 b6 17. Rd4 Nc5 18. Ba2 a6 19. Nd6 b5 20. Rxd5 exd5 21. Bxc5 Nc4 22. Rd1 Nxd6 23. Bxd6 Rd8 24. Bxd5 Ra7 25. c4 bxc4 26. Bxc4 Bf5 27. Bd5 Rc8 28. Rd2 Be6 29. Be4 g6 30. g3 h5 31. Kb2 Kg7 32. Rd4 h4 33. Rb4 hxg3 34. hxg3 Bf5 35. Bxf5 gxf5 36. a4 Kg6 37. a5 Kh5 38. c4 Kg4 39. c5 Kxg3 40. Kc3 Rh8 41. c6 Rh1 42. Rc4 Ra8 43. c7 Rc8 44. Kb4 Kf3 45. Kc5 Ke3 46. Kc6 Kd3 47. Rb4 1-0